Khái quát về lịch sử nước Mỹ = An outline of American history /

Cuốn sách này bàn về những vấn đề lịch sử của nước Mỹ. Tác giả đã bám sát các thời kỳ lịch sử, các mốc thời gian, ghi lại những nét cụ thể nhất trong đời, hình thành và phát triển của một quốc gia mới-Hợp chủng quốc Hoa Kỳ....

Mô tả đầy đủ

Đã lưu trong:
Chi tiết về thư mục
Tác giả chính: Cincotta, Howard.
Tác giả khác: Nguyễn Chiến (dịch.)
Định dạng: Sách
Ngôn ngữ:Vietnamese
Được phát hành: Hà Nội : Chính trị quốc gia, 2000.
Những chủ đề:
Các nhãn: Thêm thẻ
Không có thẻ, Là người đầu tiên thẻ bản ghi này!
Thư viện lưu trữ: Mạng thư viện Đại học Đà Nẵng
LEADER 01350cam a2200373 i 4500
001 000042859
003 734
005 20030923155844.0
008 010217b2000 vm 000 vie
020 |c 36000 
040 |a IRC  |c IRC  |d IRC 
041 1 |a vie 
082 1 4 |a 973  |b CI-H 
100 1 |a Cincotta, Howard. 
245 0 0 |a Khái quát về lịch sử nước Mỹ =  |b An outline of American history /  |c Howard Cincotta ; Cao Xuân Biên hiệu đính ; Nguyễn Chiến dịch. 
246 0 1 |a An outline of American history. 
260 |a Hà Nội :  |b Chính trị quốc gia,  |c 2000. 
300 |a 491tr. ;  |c 21cm. 
520 3 |a Cuốn sách này bàn về những vấn đề lịch sử của nước Mỹ. Tác giả đã bám sát các thời kỳ lịch sử, các mốc thời gian, ghi lại những nét cụ thể nhất trong đời, hình thành và phát triển của một quốc gia mới-Hợp chủng quốc Hoa Kỳ. 
630 0 4 |a Lịch sử. 
630 0 4 |a Mỹ. 
650 0 4 |a Hoa Kỳ  |b Lịch sử. 
651 4 |a Hoa Kỳ  |x Lịch sử. 
700 1 |a Nguyễn Chiến,  |e dịch. 
OWN |a DUT 
999 |a From the UDN01 
TYP |a Monograph 
TYP |a Printed language 
980 |a Mạng thư viện Đại học Đà Nẵng